Sports Quiz

Random Sports or NCAA Quiz
Score 0/20 Timer 05:00
2 Plays Today
% Correct
Michigan State
94.1%
Vanderbilt
90.3%
Duke
87.4%
Washington State
80.6%
Army
80.6%
Arizona
78.3%
Clemson
77%
Louisville
75.1%
Iowa
73.1%
Rutgers
67.2%
% Correct
Penn State
65.7%
Kentucky
64.6%
TCU
64.1%
New Mexico
59.9%
Toledo
59.5%
Maryland
57.1%
Oklahoma State
49%
Ohio
45.3%
Kansas State
39.5%
Connecticut
22.6%
Remove Ads.
Support Sporcle.
Get the best of Sporcle when you Go Orange. This ad-free experience offers more features, more stats, and more fun while also helping to support Sporcle. Thank you for becoming a member.

You're not logged in!

Compare scores with friends on all Sporcle quizzes.
OR
Log In

Show Comments

Extras

Top Quizzes Today


Score Distribution

Your Account Isn't Verified!

In order to create a playlist on Sporcle, you need to verify the email address you used during registration. Go to your Sporcle Settings to finish the process.

Report this User

Report this user for behavior that violates our Community Guidelines.

Details: